Taking Stock Employee Ownership at Work

Gespeichert in:
Bibliographische Detailangaben
1. Verfasser: Quarrey, Michael
Weitere Verfasser: Blasi, Joseph, Rosen, Corey
Format: Buch
Sprache:Englisch
Veröffentlicht: Cambridge Ballinger Publ. Co. 1986
Ausgabe:1. ed.
Schlagworte:
Tags: Tag hinzufügen
Keine Tags, Fügen Sie das erste Tag hinzu!

MARC

LEADER 00000nam a2200000 4500
001 c021317
005 20221207074227.6
020 |a 0-88730-131-2 
041 0 |a eng 
044 |a US 
245 1 0 |a Taking Stock  |b Employee Ownership at Work  |c Michael Quarrey, Joseph Blasi, Corey Rosen 
250 |a 1. ed. 
264 1 |a Cambridge  |b Ballinger Publ. Co.  |c 1986 
300 |a 176 s. 
610 2 0 |a vlastníctvo 
610 2 0 |a účasť na riadení 
610 2 0 |a účasť na zisku 
610 2 0 |a spolurozhodovanie 
610 2 0 |a demokracia vnútropodniková 
610 2 0 |a akcie zamestnanecké 
610 2 0 |a riziko podnikateľské 
100 1 |a Quarrey, Michael 
700 1 |a Blasi, Joseph 
700 1 |a Rosen, Corey